000 00739nab a2200217 a 4500
005 20210219161856.0
008 991125s1985 mx 000 0 spa u
035 _aUPN01000193503
100 1 _aMauri Majós, Teresa
100 1 _uteresamauri@ub.edu
222 _aCULTURA Y EDUCACION :
222 _bREVISTA DE TEORIA, INVESTIGACION Y PRACTICA
245 _aAyuda educativa entre iguales en tareas de escritura colaborativa on line : un estudio de las relaciones entre presencia docente y precencia cognitiva
260 _aMadrid, España
300 _a337-350
362 0 _a2013 Vol. 24, no. 3, oct.
653 0 _aESCRITURA COLABORATIVA
653 0 _aPRESENCIA DOCENTE
653 0 _aPRESENCIA COGNITIVA
905 _aArticulo
999 _c165604
_d165604